000 00544nam a2200169 a 4500
005 20210219160040.0
008 080620s1987 mx r 000 0 spa d
035 _aUPN01000157227
049 _aUNE
080 _aOC 378 (047.3) (7/8) 1978-86 CRE.
245 0 0 _aCRESALC 1978-1986 :
_binforme sintético sobre las actividades.
260 _aCaracas :
_bCRESALC,
_c1987.
300 _a57 p.
690 _aCRESALC - Informes
710 2 _aCRESALC.
_bCentro Regional para la Educación Superior en América Latina y el Caribe.
905 _aUNESCO
999 _c129341
_d129341